00375nam a22001097a 4500082000800000100001800008245011800026260003600144300001900180650004400199700002200243 a004 aAhmed, Kanwal cKanwal AhmedaAnalyzing the Bias in Public Opinion and Media Reports for Events in Different Geographical Areas / aIslamabad :bMCS - NUST,c2017. a83 p. ;c30cm. aComputer Software Engineering-MS-Thesis aDr. Abdul Ghafoor